PISA 2006: marco de evaluación. Conocimientos y habilidades en Ciencias, Matemáticas y Lectura
Saved in:
| Corporate Author: | |
|---|---|
| Format: | Book |
| Language: | Spanish |
| Published: |
Santillana Educación
2006
|
| Subjects: | |
| Tags: |
Add Tag
No Tags, Be the first to tag this record!
|
MARC
| LEADER | 00000cam a2200000 a 4500 | ||
|---|---|---|---|
| 001 | UCG9091 | ||
| 003 | CL-VaPUC | ||
| 008 | 120120e20060000SP |||||||||||||||||spa|d | ||
| 020 | |a 9788429417838 | ||
| 082 | 0 | 4 | |a 371.26 |b PIS |2 21 |
| 110 | 2 | |a OCDE |e author |9 560493 | |
| 245 | 1 | 0 | |a PISA 2006: marco de evaluación. Conocimientos y habilidades en Ciencias, Matemáticas y Lectura |
| 300 | |a 191 p | ||
| 942 | |c BK | ||
| 945 | |d 20120120 00:00:00 |a dcastane | ||
| 260 | |b Santillana Educación |c 2006 | ||
| 650 | 7 | |a EVALUACIONES DE LA EDUCACION |2 CL-VaPUC |9 560494 | |
| 650 | 0 | |a Aprendizaje |9 254827 | |
| 650 | 0 | |a Competencias |9 341916 | |
| 583 | |a last modification |c 20120120 10:38:00 |k Rodrigo Vera | ||
| 999 | |c 346665 |d 346663 | ||
| 952 | |0 0 |1 0 |4 0 |6 371_260000000000000_PIS_2006 |7 0 |8 ED_SUP |9 447465 |a BIBGIM |b BIBGIM |c S_PSTGRDO |d 2019-11-22 |i 4835824 |o 371.26 PIS 2006 |p 4835824 |r 2025-01-15 |w 2019-11-22 |y BK_X |k ESU | ||